<?xml version="1.0" encoding="UTF-8"?>
<record
    xmlns:xsi="http://www.w3.org/2001/XMLSchema-instance"
    xsi:schemaLocation="http://www.loc.gov/MARC21/slim http://www.loc.gov/standards/marcxml/schema/MARC21slim.xsd"
    xmlns="http://www.loc.gov/MARC21/slim">

  <leader>02783nam a22002417a 4500</leader>
  <controlfield tag="003">OSt</controlfield>
  <controlfield tag="005">20240827111310.0</controlfield>
  <controlfield tag="008">240827b           ||||| |||| 00| 0 eng d</controlfield>
  <datafield tag="020" ind1=" " ind2=" ">
    <subfield code="a">9780323188845</subfield>
  </datafield>
  <datafield tag="040" ind1=" " ind2=" ">
    <subfield code="a">WIUC - GH</subfield>
    <subfield code="c">WIUC - GH</subfield>
  </datafield>
  <datafield tag="050" ind1=" " ind2=" ">
    <subfield code="a"> </subfield>
  </datafield>
  <datafield tag="100" ind1=" " ind2=" ">
    <subfield code="a">Duker, Jay S.</subfield>
    <subfield code="9">3151</subfield>
  </datafield>
  <datafield tag="245" ind1=" " ind2=" ">
    <subfield code="a">Handbook of retinal OCT. /</subfield>
    <subfield code="c">Jay s. Duker</subfield>
  </datafield>
  <datafield tag="260" ind1=" " ind2=" ">
    <subfield code="a">London</subfield>
    <subfield code="b">Saunders/Elsevier</subfield>
    <subfield code="c">2014</subfield>
  </datafield>
  <datafield tag="300" ind1=" " ind2=" ">
    <subfield code="a">xii, 177 p :</subfield>
    <subfield code="b">ills.; index.</subfield>
  </datafield>
  <datafield tag="500" ind1=" " ind2=" ">
    <subfield code="a">Including bibliographical references and index</subfield>
  </datafield>
  <datafield tag="505" ind1=" " ind2=" ">
    <subfield code="a">Contents: OCT: what it is -- Scanning principles -- Basic scan patterns and OCT output -- OCT interpretation -- Artifacts on OCT -- Normal retinal anatomy and basic pathologic appearances -- Basic optic nerve scan patterns and output -- Glaucoma -- Optic neuropathies and papilledema -- Congenital optic nerve head abnormalities -- Dry age-related macular degeneration -- Wet age-related macular degeneration -- Posterior staphyloma -- Myopic choroidal neovascular membrane -- Myopic macular schisis -- Dome-shaped macular -- Myopic tractional retinal detachment -- Vitreomacular adhesion and vitreomacular traction -- Full-thickness macular hole -- Epiretinal membrane -- Postoperative cystoid macula edema -- Macular telangiectasia -- Uveitis -- Central  serous choriorectinopathy -- Hydroxychloroquine toxicity -- Pattern dystrophy -- Oculocutaneous albinism -- Subretinal perfluorocarbon -- X-linked juvenile retinoschisis -- Non-proliferative diabetic retinopathy -- Diabetic macular edema -- Proliferative diabetic retinopathy -- Branch retinal vein occlusion -- Central retinal vein occlusion -- Branch retinal artery occlusion -- Central retinal artery occlusion -- Cilioretinal artery occlusion -- Retinitis pigmentosa -- Stargardt disease -- Best disease -- Cone dystrophy -- Multifocal choroiditis -- Birdshot chorioretinopathy -- Serpiginous choroiditis -- Vogt-koyanagi-harada disease -- Sympathetic ophthalmia -- Posterior scleritis -- Toxoplasma chorioretinitis -- Tuberculosis -- Acute syphilitic posterior placoid chorioretinitis -- Candida albicans endogenous endophthalmitis -- Acute retinal necrosis syndrome -- Commotio retinae -- Choroidal rupture and subretinal hemorrhage -- Valsalva retinopathy -- Laser injury (photothermal and photomechanical) -- Retinal light toxicity (photochemical) -- Coroidal nevus -- Choroidal melanoma -- Choroidal hemangioma -- Retinal capillary hemangioma -- Retinoblastoma -- Metastatic choroidal tumor -- Vitreoretinal lymphoma -- Retinal detachment -- Retinoschisis -- Lattice degeneration</subfield>
  </datafield>
  <datafield tag="650" ind1=" " ind2=" ">
    <subfield code="a">Optical coherence tomography</subfield>
    <subfield code="v">retinal disorders</subfield>
    <subfield code="9">3193</subfield>
  </datafield>
  <datafield tag="650" ind1=" " ind2=" ">
    <subfield code="a">Retinal anatomy</subfield>
    <subfield code="v">pathologic appearances</subfield>
    <subfield code="9">3194</subfield>
  </datafield>
  <datafield tag="700" ind1=" " ind2=" ">
    <subfield code="a">Waheed, Nadia K.</subfield>
    <subfield code="9">3152</subfield>
  </datafield>
  <datafield tag="700" ind1=" " ind2=" ">
    <subfield code="a">Goldman, Darin R.</subfield>
    <subfield code="9">3153</subfield>
  </datafield>
  <datafield tag="942" ind1=" " ind2=" ">
    <subfield code="2">lcc</subfield>
    <subfield code="c">BK</subfield>
  </datafield>
  <datafield tag="999" ind1=" " ind2=" ">
    <subfield code="c">10441</subfield>
    <subfield code="d">17941</subfield>
  </datafield>
  <datafield tag="952" ind1=" " ind2=" ">
    <subfield code="0">0</subfield>
    <subfield code="1">0</subfield>
    <subfield code="2">lcc</subfield>
    <subfield code="4">0</subfield>
    <subfield code="7">0</subfield>
    <subfield code="a">WIUC-KL</subfield>
    <subfield code="b">WIUC-KL</subfield>
    <subfield code="c">NURS L.</subfield>
    <subfield code="d">2024-08-20</subfield>
    <subfield code="o">RE551.D87</subfield>
    <subfield code="p">KSN/1285/026/24</subfield>
    <subfield code="r">2024-08-27 00:00:00</subfield>
    <subfield code="t">1</subfield>
    <subfield code="w">2024-08-27</subfield>
    <subfield code="y">BK</subfield>
  </datafield>
  <datafield tag="952" ind1=" " ind2=" ">
    <subfield code="0">0</subfield>
    <subfield code="1">0</subfield>
    <subfield code="2">lcc</subfield>
    <subfield code="4">0</subfield>
    <subfield code="7">0</subfield>
    <subfield code="a">WIUC-KL</subfield>
    <subfield code="b">WIUC-KL</subfield>
    <subfield code="c">NURS L.</subfield>
    <subfield code="d">2024-08-20</subfield>
    <subfield code="o">RE551.D871</subfield>
    <subfield code="p">KSN/1286/027/24</subfield>
    <subfield code="r">2024-08-27 00:00:00</subfield>
    <subfield code="t">2</subfield>
    <subfield code="w">2024-08-27</subfield>
    <subfield code="y">BK</subfield>
  </datafield>
  <datafield tag="952" ind1=" " ind2=" ">
    <subfield code="0">0</subfield>
    <subfield code="1">0</subfield>
    <subfield code="2">lcc</subfield>
    <subfield code="4">0</subfield>
    <subfield code="7">0</subfield>
    <subfield code="a">WIUC-KL</subfield>
    <subfield code="b">WIUC-KL</subfield>
    <subfield code="c">NURS L.</subfield>
    <subfield code="d">2024-08-20</subfield>
    <subfield code="o">RE551.D872</subfield>
    <subfield code="p">KSN/1287/028/24</subfield>
    <subfield code="r">2024-08-27 00:00:00</subfield>
    <subfield code="t">3</subfield>
    <subfield code="w">2024-08-27</subfield>
    <subfield code="y">BK</subfield>
  </datafield>
  <datafield tag="952" ind1=" " ind2=" ">
    <subfield code="0">0</subfield>
    <subfield code="1">0</subfield>
    <subfield code="2">lcc</subfield>
    <subfield code="4">0</subfield>
    <subfield code="7">0</subfield>
    <subfield code="a">WIUC-KL</subfield>
    <subfield code="b">WIUC-KL</subfield>
    <subfield code="c">NURS L.</subfield>
    <subfield code="d">2024-08-20</subfield>
    <subfield code="o">RE551.D873</subfield>
    <subfield code="p">KSN/1288/029/24</subfield>
    <subfield code="r">2024-08-27 00:00:00</subfield>
    <subfield code="t">4</subfield>
    <subfield code="w">2024-08-27</subfield>
    <subfield code="y">BK</subfield>
  </datafield>
  <datafield tag="952" ind1=" " ind2=" ">
    <subfield code="0">0</subfield>
    <subfield code="1">0</subfield>
    <subfield code="2">lcc</subfield>
    <subfield code="4">0</subfield>
    <subfield code="7">0</subfield>
    <subfield code="a">WIUC-KL</subfield>
    <subfield code="b">WIUC-KL</subfield>
    <subfield code="c">NURS L.</subfield>
    <subfield code="d">2024-08-20</subfield>
    <subfield code="o">RE551.D874</subfield>
    <subfield code="p">KSN/1289/030/24</subfield>
    <subfield code="r">2024-08-27 00:00:00</subfield>
    <subfield code="t">5</subfield>
    <subfield code="w">2024-08-27</subfield>
    <subfield code="y">BK</subfield>
  </datafield>
  <datafield tag="952" ind1=" " ind2=" ">
    <subfield code="0">0</subfield>
    <subfield code="1">0</subfield>
    <subfield code="2">lcc</subfield>
    <subfield code="4">0</subfield>
    <subfield code="7">0</subfield>
    <subfield code="a">WIUC-KL</subfield>
    <subfield code="b">WIUC-KL</subfield>
    <subfield code="c">NURS L.</subfield>
    <subfield code="d">2024-08-20</subfield>
    <subfield code="o">RE551.D875</subfield>
    <subfield code="p">KSN/1290/031/24</subfield>
    <subfield code="r">2024-08-27 00:00:00</subfield>
    <subfield code="t">6</subfield>
    <subfield code="w">2024-08-27</subfield>
    <subfield code="y">BK</subfield>
  </datafield>
</record>
